Fatboy Slim Discography - Statistics

General Stats
  • This quiz has been taken 8 times
    5 since last reset
  • The average score is 6 of 30
Answer Stats
Type Year Name % Correct
Album 1996 Better Living Through Chemistry
100%
Album 2000 Halfway Between the Gutter and the Stars
100%
Album 2004 Palookaville
100%
Album 1998 You've Come a Long Way, Baby
100%
EP 2002 Camber Sands
25%
Mix Album 2014 Fatboy Slim Presents Bem Brasil
25%
Collaborative Soundtrack 2010 Here Lies Love
25%
EP 2002 Illuminati
25%
Mix Album 2007 Late Night Tales: Fatboy Slim
25%
Live Album 1998 On the Floor at the Boutique
25%
Compilation 2006 The Greatest Hits - Why Try Harder
25%
EP 2002 The Pimp
25%
Mix Album 1997 Beat Up the NME
0%
Compilation 2011 Best of the Bootlegs
0%
Live Album 2002 Big Beach Boutique II
0%
DVD 2006 Big Beach Boutique II – The Movie
0%
Mix Album 2005 Bondi Beach: New Years Eve '06
0%
Mix Album 2009 Dance B***h
0%
Mix Album 2006 Fala aí!
0%
Remix Album 2018 Fatboy Slim vs. Australia
0%
Remix Album 2019 Fatboy Slim vs. New Zealand
0%
EP 2001 Halfway Between the Gutter and the Guardian
0%
Video Album 2008 Incredible Adventures in Brazil
0%
Live Album 2002 Live on Brighton Beach
0%
EP 2002 My Game
0%
Remix Album 2000 Signature Series Volume 1
0%
Remix Album 2000 The Fatboy Slim/Norman Cook Collection
0%
Music Video Collection 2006 The Greatest His - Why Make Videos
0%
Remix Album 2007 The Greatest Hits - Remixed
0%
Mix Album 2010 The Legend Returns
0%
No matching quizzes found
Score Distribution
Percent of People with Each Score
Percentile by Number Answered
Your Score History
You have not taken this quiz since the last reset